000 00537nam a2200181Ia 4500
008 090124s9999 xx 000 0 und d
082 _b205881
100 _aआर शांता सुंदरी
245 _a वैतरणी
250 _a1
260 _bआर शांता सुंदरी
_c1999
300 _a93
600 _aआर शांता सुंदरी
630 _a वैतरणी
700 _aआर शांता सुंदरी
730 _a वैतरणी
942 _cBOOK
999 _c187465
_d187465